| 000 | 01068nam a2200361 a 4500 | ||
|---|---|---|---|
| 001 | vtls000021092 | ||
| 003 | NLI | ||
| 005 | 20210601182242.0 | ||
| 008 | 101125s1973 ii 001 0 eng | ||
| 039 | 9 |
_y201011250150 _zVLOAD |
|
| 040 | 0 |
_aNLI _beng _cVERGIS-2003 |
|
| 041 | 0 | _aeng | |
| 044 | _aii | ||
| 082 | 0 | 4 | _a658.15 |
| 245 | 0 | 0 |
_aReadings in accounting and fincance/ _cedited by K.S. Mathur |
| 260 |
_aCalcutta: _bAcademic , _c1973 |
||
| 300 |
_axv, 379 p.; _c23 cm. |
||
| 500 | _aIncludes index | ||
| 650 | 0 |
_aCorporations _xAccounting _91111 |
|
| 650 | 0 |
_aCorporations _xFinance _985 |
|
| 650 | 0 | _aCash management | |
| 700 | 1 |
_aMathur, K. S., _4edt _968450 |
|
| 887 | _aK.K. Samy | ||
| 901 |
_aDB 22876 _b28/03/1973 |
||
| 902 | _aE 658.15 M 426 | ||
| 903 | _a11/03/2004 | ||
| 904 | _aK.K. Samy | ||
| 906 | _a020732 | ||
| 949 |
_AVIRTUAITEM _D10000 _F1 _X100 _6DBA000022876ENG _aE 658.15 M426 |
||
| 942 |
_2ddc _cBKS |
||
| 999 |
_aVIRTUA _c25035 _d25035 |
||
| 999 | _aVTLSSORT2450*2600*3000*5000*6500*6501*6502*7000*8520*9010*9020*9030*9040*9060*9490*9991 | ||